000 00373nam a2200157Ia 4500
003 0STCL
008 150530s9999 xx 000 0 und d
040 _aSTCL
_cSTCL
100 _aComer Douglas, E; Stevens David, L.
245 _aInternetworking with TCP/IP Vol-III
260 _c2000
546 _aEnglish
942 _2ddc
_cBK
999 _c594
_d594
005 20220125160201.0